| 000 | 00480cam a2200157 4500500 | ||
|---|---|---|---|
| 005 | 20260322014159.0 | ||
| 041 | _afre | ||
| 042 | _adc | ||
| 100 | 1 | 0 |
_aDolfi, Daniel _eauthor |
| 700 | 1 | 0 |
_aChazelas, Jean _eauthor |
| 245 | 0 | 0 | _aOptoelectronics-microwave |
| 260 | _c2026. | ||
| 500 | _a65 | ||
| 786 | 0 | _nOptics and photonics | - | 2026-03-05 | p. 7-7 | |
| 856 | 4 | 1 | _uhttps://stm.cairn.info/optoelectronic-components--bdti42451210-e3332-page-7?lang=en&redirect-ssocas=7080 |
| 999 |
_c1787007 _d1787007 |
||